000
00262nam a22001217a 4500
008
181122b xxu||||| |||| 00| 0 eng d
041
_a
eng
080
_a
941
100
_a
16
101
_a
HIS
245
_a
Our Nation History
_c
Craig .R.E
942
_2
udc
_c
BK
999
_c
52331
_d
52331